Výzvy globalizace, euroregionální příhraniční spolupráce a zahraniční investování

Trendy a výzvy globalizácie. Poznámky k problematike euroregionálnej príhraničnej spolupráce. Zmeny a tendencie cezhraničného investovania. Kontradikcia PZI a medzinárodnej spolupráce v sfére cezhraničného investovania.

Salvato in:
Dettagli Bibliografici
Autore principale: Fárek, Jiří
Natura: Capitolo di libro
Lingua:ceco
Soggetti:
Tags: Aggiungi Tag
Nessun Tag, puoi essere il primo ad aggiungerne!!

MARC

LEADER 00000naa$a2200000$$$4500
001 0052039
005 20231019130821.5
041 0 |a cze 
044 |a CZ 
245 1 0 |a Výzvy globalizace, euroregionální příhraniční spolupráce a zahraniční investování  |c Jiří Fárek 
520 |a Trendy a výzvy globalizácie. Poznámky k problematike euroregionálnej príhraničnej spolupráce. Zmeny a tendencie cezhraničného investovania. Kontradikcia PZI a medzinárodnej spolupráce v sfére cezhraničného investovania. 
610 2 0 |a pojmy 
610 2 0 |a euroregióny 
610 2 0 |a globalizácia 
610 2 0 |a investovanie 
610 2 0 |a investície priame zahraničné 
610 2 0 |a spolupráca cezhraničná 
100 1 |a Fárek, Jiří